Direct Flights from Qatar - Statistics

General Stats
  • This quiz has been taken 177 times
  • The average score is 68 of 78
Answers on the Map
Answers color-coded by a green-red scale on the quiz's map according to % correct below.
 
Answer Stats
Answer % Correct
Canada
98%
China
98%
Egypt
98%
France
98%
India
98%
Russia
98%
Saudi Arabia
98%
Spain
98%
Turkey
98%
United Kingdom
98%
United States
98%
Finland
97%
Germany
97%
Italy
97%
Australia
96%
Brazil
96%
Iran
96%
Norway
96%
South Africa
96%
Algeria
95%
Indonesia
95%
Iraq
95%
Japan
95%
Morocco
95%
Oman
94%
Poland
94%
Sweden
94%
South Korea
93%
Switzerland
93%
United Arab Emirates
93%
Belgium
92%
Ireland
92%
Thailand
92%
Denmark
91%
Jordan
91%
Netherlands
91%
Vietnam
91%
Greece
90%
Kazakhstan
90%
Philippines
90%
Romania
90%
Austria
89%
Malaysia
89%
New Zealand
88%
Nigeria
88%
Pakistan
88%
Sri Lanka
88%
Tunisia
88%
Hungary
87%
Kenya
87%
Croatia
86%
Czechia
86%
Ethiopia
86%
Nepal
86%
Singapore
86%
Bulgaria
85%
Angola
84%
Azerbaijan
84%
Lebanon
84%
Kuwait
83%
Serbia
83%
Sudan
83%
Tanzania
83%
Bangladesh
81%
Maldives
80%
Armenia
79%
Georgia
79%
Somalia
76%
Cyprus
74%
Ghana
73%
Bosnia and Herzegovina
71%
Mozambique
71%
Uganda
68%
Seychelles
67%
Zambia
67%
Namibia
66%
Djibouti
58%
Rwanda
56%
No matching quizzes found
Score Distribution
Percent of People with Each Score
Percentile by Number Answered
Your Score History
You have not taken this quiz